Safe and efficient freight transport by rail : symposium sponsored by the Railway Division of the Institution of Mechanical Engineers and the Private Wagon Federation, London, 1 March, 1979.

Bibliographic Details
Corporate Authors: Institution of Mechanical Engineers (Great Britain). Railway Division, Private Wagon Federation
Format: Book
Language:English
Published: London : Mechanical Engineering Publications for the Institution of Mechanical Engineers, 1979.
Series:I Mech E conference publications ; 1979-1.
Subjects:

MARC

Tag First Indicator Second Indicator Subfields
LEADER 00000cam a2200000 i 4500
001 in00000665194
005 20151015080150.0
008 800508r19791979enka b 10000 eng
010 |a  80472146  
015 |a GB*** 
020 |a 0852984197 :  |c 5.00 
035 |a (OCoLC)06356452 
035 |9 ACX5991AM 
040 |a DLC  |c DLC  |d TXA  |d UtOrBLW 
049 |a TXAM  |c [931238] 
050 0 0 |a TF470.A1  |b S23 
082 0 |a 625.2/4 
245 0 0 |a Safe and efficient freight transport by rail :  |b symposium sponsored by the Railway Division of the Institution of Mechanical Engineers and the Private Wagon Federation, London, 1 March, 1979. 
264 1 |a London :  |b Mechanical Engineering Publications for the Institution of Mechanical Engineers,  |c 1979. 
300 |a 35 pages :  |b illustrations ;  |c 30 cm. 
336 |a text  |b txt  |2 rdacontent 
337 |a unmediated  |b n  |2 rdamedia 
338 |a volume  |b nc  |2 rdacarrier 
490 1 |a I Mech E conference publications ; 1979-1 
504 |a Includes bibliographical references. 
650 0 |a Freight cars  |v Congresses. 
710 2 |a Institution of Mechanical Engineers (Great Britain).  |b Railway Division. 
710 2 |a Private Wagon Federation. 
830 0 |a I Mech E conference publications ;  |v 1979-1. 
999 |a MARS 
999 f f |s af798636-80aa-3557-8800-bf8902ee4cae  |i 85689432-8a23-33e4-bbb9-6560bf57dd6c  |t 0 
952 f f |p ric  |a Texas A&M University  |b Rellis Campus  |c Joint Library Facility  |d Remote Storage  |t 0  |e TF470.A1 S23  |h Library of Congress classification  |i unmediated -- volume  |m A14805392831 
998 f f |a TF470.A1 S23  |t 0  |l Remote Storage